<?xml version="1.0" encoding="UTF-8"?>
<record
    xmlns:xsi="http://www.w3.org/2001/XMLSchema-instance"
    xsi:schemaLocation="http://www.loc.gov/MARC21/slim http://www.loc.gov/standards/marcxml/schema/MARC21slim.xsd"
    xmlns="http://www.loc.gov/MARC21/slim">

  <leader>03762nam a2200409uu 4500</leader>
  <controlfield tag="001">1238308</controlfield>
  <controlfield tag="005">20260508070801.0</controlfield>
  <controlfield tag="007">co|||||||</controlfield>
  <controlfield tag="008">110411s2010                        spa  </controlfield>
  <datafield tag="035" ind1=" " ind2=" ">
    <subfield code="a">1238308</subfield>
  </datafield>
  <datafield tag="040" ind1=" " ind2=" ">
    <subfield code="c">comduadb</subfield>
  </datafield>
  <datafield tag="041" ind1=" " ind2=" ">
    <subfield code="a">spa</subfield>
  </datafield>
  <datafield tag="080" ind1=" " ind2=" ">
    <subfield code="a">CA</subfield>
  </datafield>
  <datafield tag="100" ind1="1" ind2="0">
    <subfield code="a">Alvarez Torres, Edith Natalia</subfield>
    <subfield code="4">aut</subfield>
    <subfield code="e">aut</subfield>
    <subfield code="9">616324</subfield>
  </datafield>
  <datafield tag="245" ind1="1" ind2="0">
    <subfield code="a">Infancia y finitud: una lectura fenomenol&#xF3;gico-hermen&#xE9;utica a los relatos de formaci&#xF3;n de un grupo de ni&#xF1;os y ni&#xF1;as con c&#xE1;ncer.</subfield>
  </datafield>
  <datafield tag="260" ind1=" " ind2=" ">
    <subfield code="a">Medell&#xED;n :</subfield>
    <subfield code="b">[sin publicador],</subfield>
    <subfield code="c">2010.</subfield>
  </datafield>
  <datafield tag="300" ind1=" " ind2=" ">
    <subfield code="a">1 CD-ROM</subfield>
  </datafield>
  <datafield tag="520" ind1="3" ind2=" ">
    <subfield code="a">Nuestro proyecto pedag&#xF3;gico investigativo se sit&#xFA;a en la v&#xED;a de hacer visibles esos modos particulares de ver, entender y  explicar el mundo que tienen los ni&#xF1;os y ni&#xF1;as que padecen una enfermedad como el c&#xE1;ncer. Las t&#xED;picas concepciones progresistas y desarrollistas acerca de la infancia, se dejan de lado en esta propuesta investigativa, para ocuparse de la cotidianidad de unos ni&#xF1;os y ni&#xF1;as que reconocemos como sujetos de lenguaje y experiencia que pueden crear sentidos en torno a aquello que les pasa en relaci&#xF3;n consigo mismos, con los otros y con lo otro. En el marco de esa relaci&#xF3;n, nos dimos cuenta que lo importante, en nuestro caso, no era juzgar la veracidad o no de lo dicho por los ni&#xF1;os y ni&#xF1;as, tampoco verificar hip&#xF3;tesis o teor&#xED;as preestablecidas, sino descubrir los matices particulares que adquiere la formaci&#xF3;n en las narraciones y representaciones de experiencias vividas. El significante de experiencia, como aquello que nos pasa y se puede relatar nos conduce a pensar que la experiencia, lo vivido, se configura como fen&#xF3;meno susceptible de descripciones e interpretaciones.</subfield>
  </datafield>
  <datafield tag="520" ind1=" " ind2=" ">
    <subfield code="a">Resumen: Nuestro proyecto pedag&#xF3;gico investigativo se sit&#xFA;a en la v&#xED;a de hacer visibles esos modos particulares de ver, entender y  explicar el mundo que tienen los ni&#xF1;os y ni&#xF1;as que padecen una enfermedad como el c&#xE1;ncer. Las t&#xED;picas concepciones progresistas y desarrollistas acerca de la infancia, se dejan de lado en esta propuesta investigativa, para ocuparse de la cotidianidad de unos ni&#xF1;os y ni&#xF1;as que reconocemos como sujetos de lenguaje y experiencia que pueden crear sentidos en torno a aquello que les pasa en relaci&#xF3;n consigo mismos, con los otros y con lo otro. En el marco de esa relaci&#xF3;n, nos dimos cuenta que lo importante, en nuestro caso, no era juzgar la veracidad o no de lo dicho por los ni&#xF1;os y ni&#xF1;as, tampoco verificar hip&#xF3;tesis o teor&#xED;as preestablecidas, sino descubrir los matices particulares que adquiere la formaci&#xF3;n en las narraciones y representaciones de experiencias vividas. El significante de experiencia, como aquello que nos pasa y se puede relatar nos conduce a pensar que la experiencia, lo vivido, se configura como fen&#xF3;meno susceptible de descripciones e interpretaciones.</subfield>
  </datafield>
  <datafield tag="650" ind1=" " ind2="7">
    <subfield code="a">Enfermos de c&#xE1;ncer</subfield>
    <subfield code="2">lemb</subfield>
    <subfield code="9">157871</subfield>
  </datafield>
  <datafield tag="650" ind1=" " ind2=" ">
    <subfield code="a">Finitud (Filosof&#xED;a)</subfield>
    <subfield code="9">79787</subfield>
  </datafield>
  <datafield tag="650" ind1=" " ind2="7">
    <subfield code="a">Hermen&#xE9;utica</subfield>
    <subfield code="2">lemb</subfield>
    <subfield code="9">625</subfield>
  </datafield>
  <datafield tag="650" ind1=" " ind2="7">
    <subfield code="a">Infancia</subfield>
    <subfield code="6">http://vocabularies.unesco.org/thesaurus/concept1666</subfield>
    <subfield code="2"></subfield>
    <subfield code="9">14323</subfield>
  </datafield>
  <datafield tag="650" ind1=" " ind2="7">
    <subfield code="a">Fenomenolog&#xED;a</subfield>
    <subfield code="2">lemb</subfield>
    <subfield code="9">1791</subfield>
  </datafield>
  <datafield tag="650" ind1=" " ind2=" ">
    <subfield code="a">Licenciatura en Educaci&#xF3;n</subfield>
    <subfield code="9">181088</subfield>
  </datafield>
  <datafield tag="700" ind1="1" ind2="0">
    <subfield code="a">Areiza Vera, Claudia Yaned</subfield>
    <subfield code="4">aut</subfield>
    <subfield code="e">aut</subfield>
    <subfield code="9">619583</subfield>
  </datafield>
  <datafield tag="700" ind1="1" ind2="0">
    <subfield code="a">Diaz Monterroza, Jhair de Jes&#xFA;s</subfield>
    <subfield code="4">aut</subfield>
    <subfield code="e">aut</subfield>
    <subfield code="9">617929</subfield>
  </datafield>
  <datafield tag="700" ind1="1" ind2="0">
    <subfield code="a">Giraldo Agudelo, Ana Milena</subfield>
    <subfield code="4">aut</subfield>
    <subfield code="e">aut</subfield>
    <subfield code="9">617930</subfield>
  </datafield>
  <datafield tag="700" ind1="1" ind2="0">
    <subfield code="a">Leal Matta, Sharira</subfield>
    <subfield code="4">aut</subfield>
    <subfield code="e">aut</subfield>
    <subfield code="9">614509</subfield>
  </datafield>
  <datafield tag="700" ind1="1" ind2="0">
    <subfield code="a">Parra Ochoa, Mayra Fernanda</subfield>
    <subfield code="4">aut</subfield>
    <subfield code="e">aut</subfield>
    <subfield code="9">615401</subfield>
  </datafield>
  <datafield tag="700" ind1="1" ind2="0">
    <subfield code="a">Zuluaga Pulgar&#xED;n, Glady Yohana</subfield>
    <subfield code="4">aut</subfield>
    <subfield code="e">aut</subfield>
    <subfield code="9">615402</subfield>
  </datafield>
  <datafield tag="700" ind1=" " ind2="0">
    <subfield code="a">Palacio Baena, &#xC1;ngela In&#xE9;s</subfield>
    <subfield code="c">Mag&#xED;ster en Educaci&#xF3;n</subfield>
    <subfield code="4">ths</subfield>
    <subfield code="e">ths</subfield>
    <subfield code="9">254090</subfield>
  </datafield>
  <datafield tag="856" ind1="4" ind2=" ">
    <subfield code="u">http://ayura.udea.edu.co:8080/jspui/handle/123456789/1088</subfield>
  </datafield>
  <datafield tag="942" ind1=" " ind2=" ">
    <subfield code="c">TESIS</subfield>
  </datafield>
  <datafield tag="999" ind1=" " ind2=" ">
    <subfield code="c">579890</subfield>
    <subfield code="d">579890</subfield>
  </datafield>
  <datafield tag="502" ind1=" " ind2=" ">
    <subfield code="b">146</subfield>
    <subfield code="c">15</subfield>
  </datafield>
  <datafield tag="526" ind1=" " ind2=" ">
    <subfield code="a">148</subfield>
  </datafield>
  <datafield tag="952" ind1=" " ind2=" ">
    <subfield code="0">0</subfield>
    <subfield code="1">0</subfield>
    <subfield code="4">0</subfield>
    <subfield code="7">0</subfield>
    <subfield code="8">TESDIG</subfield>
    <subfield code="a">CEDED</subfield>
    <subfield code="b">CEDED</subfield>
    <subfield code="d">2011-04-11</subfield>
    <subfield code="i">C1114675</subfield>
    <subfield code="l">0</subfield>
    <subfield code="o">CA/0533</subfield>
    <subfield code="p">0598247</subfield>
    <subfield code="r">2023-05-01 00:00:00</subfield>
    <subfield code="t">1</subfield>
    <subfield code="w">2023-05-01</subfield>
    <subfield code="y">DIGITAL</subfield>
  </datafield>
</record>
